00256nam a2200097Ia 4500001000800000005001700008008004100025020001800066245005500084260001900139127237820260417151427.0260417s9999 xx 000 0 und d a9786258486841 0aKulübünüze Üye Olabilir Miyim?cJohn Kelly bKetebe Çocuk